Wird geladen...
مختارات من شعر سعدي الشيرازي /
| 1. Verfasser: | |
|---|---|
| Format: | Printed Book |
| LEADER | 00458nam a2200109Ia 4500 | ||
|---|---|---|---|
| 008 | 150527150527b xxu||||| |||| 00| 0 ara d | ||
| 082 | |a 811.999 | ||
| 100 | |a عكرمة، مصطفى | ||
| 245 | |c by عكرمة، مصطفى |a مختارات من شعر سعدي الشيرازي / | ||
| 942 | |c BK | ||
| 999 | |c 173578 |d 173578 | ||
| 952 | |0 0 |1 0 |4 0 |6 811_999000000000000_عكر_م |7 0 |9 192269 |a ARA |b ARA |c ST1 |d 2015-05-27 |i 7489 |l 0 |o 811.999 عكر/م |p ARA007489 |r 2015-05-27 |w 2015-05-27 |y BK | ||